Dataset Open Access
Gawne, Thomas Daniel;
Schwalbe, Sebastian;
Chuna, Thomas Michael;
Hernandez Acosta, Uwe;
Preston, Thomas R.;
Dornheim, Tobias
<?xml version='1.0' encoding='UTF-8'?>
<record xmlns="http://www.loc.gov/MARC21/slim">
<leader>00000nmm##2200000uu#4500</leader>
<datafield tag="980" ind1=" " ind2=" ">
<subfield code="a">user-rodare</subfield>
</datafield>
<datafield tag="100" ind1=" " ind2=" ">
<subfield code="a">Gawne, Thomas Daniel</subfield>
<subfield code="0">(orcid)0000-0001-9998-3606</subfield>
</datafield>
<datafield tag="245" ind1=" " ind2=" ">
<subfield code="a">Data publication: HEART: A New X-Ray Tracing Code for Mosaic Crystal Spectrometers</subfield>
</datafield>
<datafield tag="980" ind1=" " ind2=" ">
<subfield code="a">dataset</subfield>
</datafield>
<datafield tag="650" ind1="1" ind2="7">
<subfield code="a">cc-by</subfield>
<subfield code="2">opendefinition.org</subfield>
</datafield>
<datafield tag="700" ind1=" " ind2=" ">
<subfield code="a">Schwalbe, Sebastian</subfield>
<subfield code="0">(orcid)0000-0002-4561-0158</subfield>
</datafield>
<datafield tag="700" ind1=" " ind2=" ">
<subfield code="a">Chuna, Thomas Michael</subfield>
<subfield code="0">(orcid)0000-0001-8400-4495</subfield>
</datafield>
<datafield tag="700" ind1=" " ind2=" ">
<subfield code="a">Hernandez Acosta, Uwe</subfield>
<subfield code="0">(orcid)0000-0002-6182-1481</subfield>
</datafield>
<datafield tag="700" ind1=" " ind2=" ">
<subfield code="a">Preston, Thomas R.</subfield>
<subfield code="u">European XFEL</subfield>
</datafield>
<datafield tag="700" ind1=" " ind2=" ">
<subfield code="a">Dornheim, Tobias</subfield>
<subfield code="0">(orcid)0000-0001-7293-6615</subfield>
</datafield>
<controlfield tag="001">3951</controlfield>
<datafield tag="856" ind1="4" ind2=" ">
<subfield code="s">9349722</subfield>
<subfield code="u">https://rodare.hzdr.de/record/3951/files/HEART-1.2.2.zip</subfield>
<subfield code="z">md5:97f36fbddd70dc4773d9fcab37d3cba7</subfield>
</datafield>
<datafield tag="856" ind1="4" ind2=" ">
<subfield code="s">870807173</subfield>
<subfield code="u">https://rodare.hzdr.de/record/3951/files/MakePlots.zip</subfield>
<subfield code="z">md5:b59a7abc369cb561b76c5b023012ead0</subfield>
</datafield>
<datafield tag="260" ind1=" " ind2=" ">
<subfield code="c">2025-08-28</subfield>
</datafield>
<datafield tag="909" ind1="C" ind2="O">
<subfield code="o">oai:rodare.hzdr.de:3951</subfield>
<subfield code="p">openaire_data</subfield>
<subfield code="p">user-rodare</subfield>
</datafield>
<datafield tag="542" ind1=" " ind2=" ">
<subfield code="l">open</subfield>
</datafield>
<datafield tag="540" ind1=" " ind2=" ">
<subfield code="u">https://creativecommons.org/licenses/by/4.0/legalcode</subfield>
<subfield code="a">Creative Commons Attribution 4.0 International</subfield>
</datafield>
<datafield tag="520" ind1=" " ind2=" ">
<subfield code="a"><p>Jupyter notebook and data files used to produce the plots in the paper. Additionally, a copy of the code submitted with the paper.</p></subfield>
</datafield>
<controlfield tag="005">20250829083908.0</controlfield>
<datafield tag="024" ind1=" " ind2=" ">
<subfield code="a">10.14278/rodare.3951</subfield>
<subfield code="2">doi</subfield>
</datafield>
<datafield tag="773" ind1=" " ind2=" ">
<subfield code="a">https://www.hzdr.de/publications/Publ-41768</subfield>
<subfield code="i">isIdenticalTo</subfield>
<subfield code="n">url</subfield>
</datafield>
<datafield tag="773" ind1=" " ind2=" ">
<subfield code="a">https://www.hzdr.de/publications/Publ-41126</subfield>
<subfield code="i">isReferencedBy</subfield>
<subfield code="n">url</subfield>
</datafield>
<datafield tag="773" ind1=" " ind2=" ">
<subfield code="a">10.14278/rodare.3950</subfield>
<subfield code="i">isVersionOf</subfield>
<subfield code="n">doi</subfield>
</datafield>
</record>
| All versions | This version | |
|---|---|---|
| Views | 468 | 468 |
| Downloads | 41 | 41 |
| Data volume | 15.9 GB | 15.9 GB |
| Unique views | 433 | 433 |
| Unique downloads | 29 | 29 |